[Event "Mittelfranken-chTB2b 1920"]
[Site "Mittelfranken"]
[Date "2019.10.13"]
[Round "1.7"]
[White "Stolpynskyy, Mark"]
[Black "Weber, Willibald"]
[Result "1-0"]
[WhiteElo "1947"]
[BlackElo "1549"]
[PlyCount "43"]
[EventDate "2019.10.13"]
[EventType "team-tourn"]
[EventRounds "9"]
[EventCountry "GER"]
[SourceTitle "EXT 2023"]
[Source "ChessBase"]
[SourceDate "2022.10.05"]
[SourceVersion "1"]
[SourceVersionDate "2022.10.05"]
[SourceQuality "1"]
[WhiteTeam "Nuernberg Sued SW III"]
[BlackTeam "Nuernberg Anderssen"]
[WhiteTeamCountry "GER"]
[BlackTeamCountry "GER"]

1. d4 Nf6 2. Nf3 g6 3. c4 Bg7 4. Nc3 0-0 5. e4 d6 6. Be2 c6 7. 0-0 a6 8. a4 Ne8 9. Be3 f5 10. Qd2 Nf6 11. exf5 Bxf5 12. h3 Nbd7 13. Ng5 h6 14. Nf3 Kh7 15. Bd3 Bxd3 16. Qxd3 e5 17. Rfe1 Nh5 18. Rad1 Nf4 19. Bxf4 Rxf4 20. dxe5 Nxe5 21. Nxe5 Bxe5 22. Rxe5 1-0

[Event "Mittelfranken-chTB1 1314"]
[Site "Mittelfranken"]
[Date "2014.01.12"]
[Round "4.7"]
[White "Stolpynskyy, Mark"]
[Black "Dietrich, Jochen"]
[Result "1-0"]
[WhiteElo "1965"]
[BlackElo "1893"]
[PlyCount "87"]
[EventDate "2013.10.20"]
[EventType "team-tourn"]
[EventRounds "9"]
[EventCountry "GER"]
[SourceTitle "EXT 2020"]
[Source "ChessBase"]
[SourceDate "2019.10.17"]
[SourceVersion "1"]
[SourceVersionDate "2019.10.17"]
[SourceQuality "1"]
[WhiteTeam "Nuernberg Sued SW III"]
[BlackTeam "Buechenbach/Roth II"]
[WhiteTeamCountry "GER"]
[BlackTeamCountry "GER"]

1. d4 d6 2. Nf3 Nf6 3. Bf4 g6 4. h3 Bg7 5. e3 0-0 6. Be2 Nbd7 7. 0-0 c6 8. Nbd2 a6 9. a4 Rb8 10. a5 Ra8 11. c3 c5 12. Bh2 b5 13. axb6 Qxb6 14. Nc4 Qc7 15. Qa4 Bb7 16. Na5 Nb6 17. Qa3 Bc8 18. dxc5 Qxc5 19. Qxc5 dxc5 20. Nc6 Re8 21. Nfe5 Nfd7 22. Bf3 Nxe5 23. Nxe5 Ra7 24. Nd3 Nd7 25. Bc6 c4 26. Nb4 a5 27. Rfd1 Rd8 28. Bb8 Rb7 29. Bxb7 Bxb7 30. Rxa5 Rxb8 31. Rxd7 Be4 32. Rxe7 Bf5 33. Nc6 Rc8 34. Nd4 Bd3 35. Raa7 Rf8 36. Ne6 Bf6 37. Nxf8 Bxe7 38. Nxg6 hxg6 39. Rxe7 Kf8 40. Rd7 Bf5 41. Rc7 Be6 42. Kf1 Kg7 43. e4 Kf6 44. f4 1-0

[Event "Mittelfranken-chTB1 1213"]
[Site "Germany"]
[Date "2012.10.21"]
[Round "2.5"]
[White "Grimm, Pascal"]
[Black "Stolpynskyy, Mark"]
[Result "1-0"]
[WhiteElo "1898"]
[BlackElo "1950"]
[PlyCount "111"]
[EventDate "2012.10.07"]
[EventType "team-tourn"]
[EventRounds "9"]
[EventCountry "GER"]
[SourceTitle "EXT 2019"]
[Source "ChessBase"]
[SourceDate "2018.10.10"]
[SourceVersion "1"]
[SourceVersionDate "2018.10.10"]
[SourceQuality "1"]
[WhiteTeam "Postbauer Heng"]
[BlackTeam "Nuernberg Sued SW III"]
[WhiteTeamCountry "GER"]
[BlackTeamCountry "GER"]

1. g3 d5 2. Bg2 Nf6 3. d3 c6 4. Nd2 Bg4 5. Ngf3 Nbd7 6. 0-0 e6 7. c3 Be7 8. Qc2 0-0 9. e4 dxe4 10. dxe4 Qc7 11. Nc4 e5 12. Ne3 Bxf3 13. Bxf3 Rfe8 14. Nf5 Bf8 15. Be3 Bc5 16. Rfd1 Bxe3 17. Nxe3 Rad8 18. Nf5 Nf8 19. Be2 Ne6 20. Bc4 Nc5 21. f3 b5 22. Be2 g6 23. Nh4 Kg7 24. Ng2 Ne6 25. Rxd8 Rxd8 26. Rd1 Qb6+ 27. Kf1 Rxd1+ 28. Qxd1 Ng5 29. Qd2 h6 30. h4 Ne6 31. Qd6 Qc5 32. Qxc5 Nxc5 33. Ne3 Na4 34. Nd1 Kf8 35. b3 Nb6 36. Nb2 Ke7 37. c4 a6 38. Nd3 Nfd7 39. Nb4 Nb8 40. Nd3 bxc4 41. Nxe5 cxb3 42. axb3 Ke6 43. f4 a5 44. Kf2 c5 45. Bb5 g5 46. Ke3 gxh4 47. gxh4 f6 48. Nc4 Nxc4+ 49. Bxc4+ Kd6 50. Bb5 c4 51. bxc4 Kc5 52. Kd3 Kb4 53. e5 fxe5 54. fxe5 a4 55. e6 Kb3 56. Bxa4+ 1-0